Latin American Capitals Quiz - Statistics

General Stats
  • This quiz has been taken 377 times
  • The average score is 14 of 20
Answer Stats
Country Capital % Correct
Mexico Mexico City
98%
Cuba Havana
86%
Brazil Brasilia
83%
Argentina Buenos Aires
83%
Panama Panama City
83%
Peru Lima
82%
El Salvador San Salvador
79%
Chile Santiago
78%
Colombia Bogota
77%
Venezuela Caracas
76%
Guatemala Guatemala City
75%
Ecuador Quito
71%
Bolivia La Paz, Sucre
70%
Uruguay Montevideo
68%
Costa Rica San Jose
67%
Dominican Republic Santo Domingo
67%
Paraguay Asuncion
59%
Haiti Port-au-Prince
57%
Nicaragua Managua
55%
Honduras Tegucilgalpa
2%
No matching quizzes found
Score Distribution
Percent of People with Each Score
Percentile by Number Answered
Your Score History
You have not taken this quiz